Riflessioni sulle novit ̉contenute nella Direttiva 2013/34/UE in materia di bilancio di esercizio

Detalles Bibliográficos
Autor principal: D’Agostinis, Bianca
Formato: eBook
Lenguaje:italiano
Publicado: Bari: Cacucci Editore, 2013
Materias:
Acceso en línea:Acceso restringido

MARC

LEADER 00000nam a22000007a 4500
005 20140603214712.0
007 cr|||| ||||
008 140603s2013 it |||||s|||| 00||0 ita d
020 |a 978-88-6611-336-2 
035 |a 12199 
040 |a vLex 
090 |c 4986  |d 4986 
100 1 |a D’Agostinis, Bianca 
245 1 0 |a Riflessioni sulle novit ̉contenute nella Direttiva 2013/34/UE in materia di bilancio di esercizio  |h [Recurso electrn̤ico] /  |c Bianca D’Agostinis 
256 |a Servicio en ln̕ea 
260 |a Bari:  |b Cacucci Editore,  |c 2013 
300 |a 1 recurso electrn̤ico 
506 1 |a Disponible solo en los productos indicados  |d vLex Global  |d vLex Global (Academic Edition, excluding Law Schools)  |d vLex Global (U.S. Academic Edition, Law Schools)  |d vLex Global (U.S. Academic Edition, excluding Law Schools)  |d vLex Global (Academic Edition, Law Schools) 
650 0 4 |a Derecho Mercantil y de la Empresa  |z Italia 
740 0 |a vLex Libros (Servicio en ln̕ea) 
856 4 0 |u http://vlex.com/source/riflessioni-novita-contenute-direttiva-2013-34-ue-materia-bilancio-esercizio-12199  |z Acceso restringido 
942 |c BOOK 
999 0 |a Commercial Law and Business